000 00791nam a2200229Ii 4500
003 JO-AjNU
008 230605s9999||||xx |||||||||||||| ||und||
017 _a2009/9541
020 _a978-977-479-201-4
040 _aJO-AjNU
_bara
_erda
_cJO-AjNU
041 _aara
050 1 4 _aPJ7745.D6336 2009
100 3 _aتأليف وترجمة دوجلاس،فدوى مالطي ؛ تقديم جابر عصفور,
_eauthor
_933832
245 0 0 _aمن التراث إلى ما بعد الحداثة
250 _aط2
264 3 1 _aالقاهرة:المركز القومي للترجمة،2009
300 _a373ص
336 _atext
_btxt
_2rdacontent
337 _aunmediated
_bn
_2rdamedia
338 _avolume
_bnc
_2rdacarrier
650 4 _aالأدب العربي - تاريخ ونقد
_933833
999 _aA13810
_c17378
_d17378